| 000 | 01100nam a22002777a 4500 | ||
|---|---|---|---|
| 003 | EG-ScBUE | ||
| 005 | 20221026112658.0 | ||
| 008 | 110824s1995 ua o f b 000 0 ara d | ||
| 020 | _a9770142352 | ||
| 040 |
_aEG-ScBUE _bara _erda _cEG-ScBUE _dEG-ScBUE |
||
| 082 | 0 | 4 |
_222 _bز ي ن _a748.8 |
| 100 | 1 |
_926882 _aزينهم، محمد علي حسن، _d1952- _eمؤلف. |
|
| 245 | 1 | 0 |
_aتكنولوجيا فن الزجاج / _cتأليف د. محمد زينهم ؛ مراجعة د. مصطفى عبد الرحيم. |
| 264 | 1 |
_aالقاهرة : _bالهيئة المصرية العامة للكتاب، _c1995. |
|
| 300 |
_a258 صفحة : _bصور ؛ _c24 سم |
||
| 336 |
_2rdacontent _aنص _btxt |
||
| 337 |
_2rdamedia _aبدون وسيط _bn |
||
| 338 |
_2rdacarrier _aمجلد _bnc |
||
| 504 | _aيشتمل علي إرجاعات ببليوجرافية. | ||
| 650 | 7 |
_926946 _aالزجاج _xتشكيل. _2BUEsh |
|
| 650 | 7 |
_aالزجاج _xزخرفة. _2BUEsh |
|
| 653 | _bART | ||
| 655 | _vReading book | ||
| 700 | 1 |
_926883 _aعبد الرحيم، مصطفى، _eمراجع. |
|
| 942 |
_2ddc _cBB |
||
| 999 |
_c15908 _d15908 |
||